[Event "Belgrade-ch (Women)"]
[Site "Belgrade"]
[Date "2014.01.25"]
[Round "3"]
[White "Markovic, Tamara"]
[Black "Rudovic, Anja"]
[Result "0-1"]
[WhiteElo "1777"]
[BlackElo "1614"]
[PlyCount "50"]
[EventDate "2014.01.23"]
[EventType "tourn"]
[EventRounds "7"]
[EventCountry "SRB"]
[SourceTitle "EXT 2015"]
[Source "ChessBase"]
[SourceDate "2014.11.20"]
[SourceVersion "1"]
[SourceVersionDate "2014.11.20"]
[SourceQuality "1"]

1. e4 c5 2. Nf3 Nf6 3. Nc3 Nc6 4. d4 d5 5. exd5 Nxd5 6. Bb5 Nxc3 7. bxc3 Bd7 8. 0-0 e6 9. Bf4 Be7 10. Re1 0-0 11. Bd3 g6 12. Bh6 Re8 13. Qd2 Bf6 14. Qf4 cxd4 15. cxd4 Nxd4 16. Ne5 Nf5 17. Rad1 Bxe5 18. Rxe5 Nxh6 19. Qxh6 Qf6 20. Ree1 Bc6 21. h4 Rad8 22. Re3 Rd4 23. Rh3 Red8 24. h5 Rg4 25. Rh2 Qf3 0-1

[Event "Belgrade-ch (Women)"]
[Site "Belgrade"]
[Date "2014.01.23"]
[Round "1"]
[White "Pihajlic, Amalija"]
[Black "Markovic, Tamara"]
[Result "1-0"]
[WhiteElo "1898"]
[BlackElo "1777"]
[PlyCount "49"]
[EventDate "2014.01.23"]
[EventType "tourn"]
[EventRounds "7"]
[EventCountry "SRB"]
[SourceTitle "EXT 2015"]
[Source "ChessBase"]
[SourceDate "2014.11.20"]
[SourceVersion "1"]
[SourceVersionDate "2014.11.20"]
[SourceQuality "1"]

1. e4 e5 2. f4 exf4 3. Nf3 d5 4. exd5 Qxd5 5. Nc3 Qd8 6. d4 Bd6 7. Bc4 Nf6 8. 0-0 0-0 9. Ng5 h6 10. Nge4 Nc6 11. Nxd6 Qxd6 12. Nb5 Qb4 13. Qd3 Qe7 14. Bxf4 Nb4 15. Qb3 Na6 16. Rae1 Qd8 17. Be5 Ng4 18. Bxf7+ Kh8 19. Qg3 Nxe5 20. Qxe5 Qg5 21. Qxg5 hxg5 22. Re5 Bg4 23. h3 Bd1 24. Rxg5 Rad8 25. Rf4 1-0

[Event "SRB-chT (Women)"]
[Site "Valjevo"]
[Date "2012.09.25"]
[Round "9.1"]
[White "Markovic, Tamara"]
[Black "Petrovic, Danijela"]
[Result "1-0"]
[WhiteElo "1780"]
[BlackElo "1918"]
[PlyCount "115"]
[EventDate "2012.09.17"]
[EventType "team-tourn"]
[EventRounds "11"]
[EventCountry "SRB"]
[SourceTitle "CBM 150 Extra"]
[Source "ChessBase"]
[SourceDate "2012.10.19"]
[SourceVersion "1"]
[SourceVersionDate "2012.10.19"]
[SourceQuality "1"]
[WhiteTeam "Belgrade Nestor (W)"]
[BlackTeam "Novi Sad Sah Kruzok (W)"]
[WhiteTeamCountry "SRB"]
[BlackTeamCountry "SRB"]

1. e4 c6 2. d4 d5 3. Nd2 g6 4. Ngf3 Bg4 5. c3 Bxf3 6. Qxf3 Bg7 7. Bd3 e6 8. 0-0 a6 9. exd5 cxd5 10. Re1 Nc6 11. Qh3 Qc7 12. Nb3 Nge7 13. Bd2 0-0 14. Bg5 a5 15. Nd2 Rac8 16. Nf3 Nd8 17. Bh6 Bxh6 18. Qxh6 f6 19. Re3 Nf5 20. Bxf5 exf5 21. Rae1 Nf7 22. Qh3 Qb6 23. R1e2 Qb5 24. Qg3 g5 25. Qh3 g4 26. Qg3 Rfe8 27. Nh4 Rxe3 28. Qxe3 Ng5 29. Nxf5 Rf8 30. Nh6+ Kh8 31. Nxg4 Ne4 32. f3 Nd6 33. Qe7 Rf7 34. Qd8+ Kg7 35. Re7 Rxe7 36. Qxe7+ Nf7 37. Qxf6+ Kg8 38. Ne5 Nh8 39. Qe6+ Kg7 40. Qd7+ Qxd7 41. Nxd7 Ng6 42. a4 Nf4 43. Nc5 b6 44. Nd7 Nd3 45. b4 axb4 46. cxb4 Nxb4 47. Nxb6 Kg6 48. Kf2 Kf5 49. g3 Ke6 50. Ke3 Nc2+ 51. Kd3 Ne1+ 52. Kc3 Kd6 53. a5 Kc6 54. f4 Nf3 55. f5 Ng5 56. h4 Ne4+ 57. Kb4 h5 58. Na4 1-0

[Event "SRB-chT (Women)"]
[Site "Valjevo"]
[Date "2012.09.20"]
[Round "4.4"]
[White "Zivic, Radmila"]
[Black "Markovic, Tamara"]
[Result "1-0"]
[WhiteElo "2022"]
[BlackElo "1780"]
[PlyCount "33"]
[EventDate "2012.09.17"]
[EventType "team-tourn"]
[EventRounds "11"]
[EventCountry "SRB"]
[SourceTitle "CBM 150 Extra"]
[Source "ChessBase"]
[SourceDate "2012.10.19"]
[SourceVersion "1"]
[SourceVersionDate "2012.10.19"]
[SourceQuality "1"]
[WhiteTeam "Belgrade Rad (W)"]
[BlackTeam "Belgrade Nestor (W)"]
[WhiteTeamCountry "SRB"]
[BlackTeamCountry "SRB"]

1. e4 e5 2. d4 exd4 3. Qxd4 Nc6 4. Qe3 Nf6 5. Nc3 Bb4 6. Bd2 d6 7. 0-0-0 Bc5 8. Qg3 Ng4 9. Nh3 0-0 10. Nd5 Be6 11. f3 Nge5 12. f4 Ng4 13. Be2 Nf6 14. Bc3 Kh8 15. Nxf6 gxf6 16. Qh4 Kg7 17. Qg5+ 1-0

[Event "Belgrade-ch (Women)"]
[Site "Belgrade"]
[Date "2012.01.29"]
[Round "8"]
[White "Zarkovic, Mila"]
[Black "Markovic, Tamara"]
[Result "1-0"]
[WhiteElo "1970"]
[BlackElo "1807"]
[PlyCount "109"]
[EventDate "2012.01.22"]
[EventType "swiss"]
[EventRounds "9"]
[EventCountry "SRB"]
[SourceTitle "CBM 146 Extra"]
[Source "ChessBase"]
[SourceDate "2012.02.29"]
[SourceVersion "1"]
[SourceVersionDate "2012.02.29"]
[SourceQuality "1"]

1. e4 e5 2. Nf3 Nc6 3. Bb5 Nge7 4. c3 a6 5. Ba4 g6 6. 0-0 Bg7 7. d4 b5 8. Bb3 d6 9. a4 Bb7 10. a5 0-0 11. Re1 Qe8 12. Bg5 Rc8 13. Qd2 Kh8 14. d5 Nb8 15. c4 bxc4 16. Bxc4 Nd7 17. Nc3 c6 18. dxc6 Rxc6 19. Bxe7 Qxe7 20. Bd5 Rc7 21. b4 Nb8 22. b5 Rc5 23. Bxb7 Qxb7 24. b6 Rfc8 25. Nd5 Rc2 26. Qd3 R8c5 27. Nd2 Qc6 28. Nb3 R5c3 29. Nxc3 Rxc3 30. Qd1 Bh6 31. Nd2 Qb5 32. Nf3 Qc5 33. Qd5 Qxd5 34. exd5 Rc5 35. Red1 Kg8 36. h4 f6 37. g3 Kf7 38. Kg2 Ke7 39. h5 Rc2 40. hxg6 hxg6 41. Ra3 Rc5 42. Nh4 Kf7 43. Rdd3 Bf8 44. b7 Rb5 45. Rab3 Rxa5 46. Rdc3 Rc5 47. Rxc5 dxc5 48. Kf3 Bd6 49. Ng2 Ke7 50. Ne3 Kd7 51. g4 Be7 52. Ke4 Bd6 53. Nc4 Bc7 54. d6 Bxd6 55. Rd3 1-0

[Event "SRB-ch U18 Girls"]
[Site "Kragujevac"]
[Date "2011.04.29"]
[Round "6"]
[White "Markovic, Tamara"]
[Black "Milosavljevic, Milica"]
[Result "0-1"]
[WhiteElo "1824"]
[BlackElo "1860"]
[PlyCount "104"]
[EventDate "2011.04.24"]
[EventType "tourn"]
[EventRounds "7"]
[EventCountry "SRB"]
[SourceTitle "EXT 2019"]
[Source "ChessBase"]
[SourceDate "2018.10.10"]
[SourceVersion "1"]
[SourceVersionDate "2018.10.10"]
[SourceQuality "1"]

1. e4 c5 2. Nf3 d6 3. d4 cxd4 4. Nxd4 Nf6 5. Nc3 a6 6. Be3 e5 7. Nb3 Be6 8. f3 h5 9. Qd2 Nbd7 10. 0-0-0 Be7 11. Kb1 Rc8 12. Qf2 b5 13. Nd5 Nxd5 14. exd5 Bf5 15. Bd3 Bxd3 16. Rxd3 Bg5 17. f4 Bf6 18. Re1 Qc7 19. Rc3 Qb7 20. Rxc8+ Qxc8 21. h3 Qc4 22. fxe5 Nxe5 23. Rd1 0-0 24. Rd4 Qc7 25. Re4 Qb7 26. Rf4 Qxd5 27. Rxf6 gxf6 28. Bh6 Re8 29. Nd4 Ng6 30. a3 Qe5 31. Nf3 Qe2 32. Qd4 Kh7 33. Bc1 Rc8 34. c3 Qe6 35. Qd2 Kg8 36. Qh6 Qe4+ 37. Ka1 h4 38. Nd4 Rc5 39. Qd2 a5 40. Nb3 Rd5 41. Qf2 Rf5 42. Qd2 Qd5 43. Nd4 Rg5 44. Qe2 Rxg2 45. Qe8+ Kh7 46. Nxb5 Rg1 47. Qe3 Rxc1+ 48. Qxc1 Qxb5 49. Qe3 Qe5 50. Qa7 Kg7 51. Qf2 Qg3 52. Qf5 Nf4 0-1

[Event "SRB-ch U18 Girls"]
[Site "Kragujevac"]
[Date "2011.04.27"]
[Round "4"]
[White "Markovic, Tamara"]
[Black "Miladinovic, Lena"]
[Result "0-1"]
[WhiteElo "1824"]
[BlackElo "2086"]
[PlyCount "84"]
[EventDate "2011.04.24"]
[EventType "tourn"]
[EventRounds "7"]
[EventCountry "SRB"]
[SourceTitle "EXT 2019"]
[Source "ChessBase"]
[SourceDate "2018.10.10"]
[SourceVersion "1"]
[SourceVersionDate "2018.10.10"]
[SourceQuality "1"]

1. e4 c5 2. Nf3 e6 3. d4 cxd4 4. Nxd4 Nc6 5. Nc3 Qc7 6. Be2 Nf6 7. 0-0 Be7 8. Kh1 0-0 9. f4 d6 10. Be3 Nxd4 11. Bxd4 e5 12. Be3 b6 13. f5 Bb7 14. Bf3 Rfd8 15. g4 h6 16. g5 hxg5 17. Bxg5 d5 18. exd5 Nxd5 19. Nxd5 Bxd5 20. Bxd5 Bxg5 21. Rg1 Bf6 22. Qf3 Rac8 23. c4 e4 24. Qxe4 Re8 25. Qf3 Re5 26. Rxg7+ Kxg7 27. Rg1+ Kf8 28. Qh5 Rxd5 29. cxd5 Qe5 30. Qf3 Rc2 31. Rg2 Rc1+ 32. Rg1 Qxb2 33. Qg3 Rxg1+ 34. Kxg1 Qb1+ 35. Kg2 Qxa2+ 36. Kh3 Qxd5 37. Qb8+ Bd8 38. Qf4 a5 39. Qh6+ Ke8 40. Qe3+ Kd7 41. Qf4 Bc7 42. Qf2 Qd6 0-1

[Event "SRB-ch U18 Girls"]
[Site "Kragujevac"]
[Date "2011.04.26"]
[Round "3"]
[White "Nonkovic, Bogdana"]
[Black "Markovic, Tamara"]
[Result "1/2-1/2"]
[WhiteElo "1866"]
[BlackElo "1824"]
[PlyCount "140"]
[EventDate "2011.04.24"]
[EventType "tourn"]
[EventRounds "7"]
[EventCountry "SRB"]
[SourceTitle "EXT 2019"]
[Source "ChessBase"]
[SourceDate "2018.10.10"]
[SourceVersion "1"]
[SourceVersionDate "2018.10.10"]
[SourceQuality "1"]

1. Nf3 c5 2. c4 Nc6 3. g3 g6 4. Bg2 Nf6 5. 0-0 d5 6. cxd5 Nxd5 7. d4 cxd4 8. Nxd4 Ndb4 9. Nxc6 Qxd1 10. Rxd1 Nxc6 11. Bd2 Bg7 12. Bc3 0-0 13. Bxg7 Kxg7 14. Nc3 Be6 15. Na4 Bc4 16. Nc5 Bxe2 17. Rd2 Bg4 18. Nxb7 Rac8 19. h3 Be6 20. Nc5 Bc4 21. b3 Nb8 22. Ne4 Ba6 23. b4 Rfd8 24. Rad1 Rxd2 25. Rxd2 Rc7 26. Nc5 Bc8 27. Rd8 Nc6 28. Bxc6 Rxc6 29. Kg2 a5 30. a3 axb4 31. axb4 h5 32. h4 Kf6 33. Kf3 Bg4+ 34. Ke4 Rb6 35. Rd4 e5 36. Rc4 Be6 37. f4 exf4 38. Kxf4 Rb5 39. Rd4 Bf5 40. Rd6+ Be6 41. Rd4 Bf5 42. Na4 Bc2 43. Nc3 Rf5+ 44. Ke3 Ke5 45. Rd5+ Ke6 46. Rxf5 Bxf5 47. Kd4 Kd6 48. b5 Bg4 49. Ne4+ Kc7 50. Kc5 Be6 51. Nd6 Bb3 52. b6+ Kb8 53. Kd4 f6 54. Ne4 Kb7 55. Kc5 g5 56. hxg5 fxg5 57. Nxg5 Bd1 58. Nf7 Bf3 59. Ne5 Bg2 60. Nc4 Bf3 61. Nd6+ Kb8 62. Kd4 Bg2 63. Ke3 Bc6 64. Kf4 Ba4 65. Kg5 Bd1 66. Ne4 Kb7 67. Nf6 Kxb6 68. Nxh5 Kc6 69. Nf4 Kd6 70. Kf6 Bf3 1/2-1/2

[Event "SRB-chT (Women)"]
[Site "Novi Sad"]
[Date "2010.09.02"]
[Round "11"]
[White "Markovic, Tamara"]
[Black "Babic, Marijana"]
[Result "1/2-1/2"]
[WhiteElo "1827"]
[BlackElo "2173"]
[PlyCount "36"]
[EventDate "2010.08.23"]
[EventType "team-tourn"]
[EventRounds "11"]
[EventCountry "YUG"]
[SourceTitle "CBM 138 Extra"]
[Source "ChessBase"]
[SourceDate "2010.10.29"]
[SourceVersion "1"]
[SourceVersionDate "2010.10.29"]
[SourceQuality "1"]

1. e4 e5 2. Nf3 Nc6 3. Bb5 a6 4. Bxc6 dxc6 5. Nc3 f6 6. d4 exd4 7. Qxd4 Qxd4 8. Nxd4 Bd6 9. Be3 Ne7 10. 0-0-0 0-0 11. f3 f5 12. Nb3 fxe4 13. Nxe4 Nf5 14. Bc5 Bf4+ 15. Kb1 Re8 16. g3 Be5 17. Rhe1 Be6 18. f4 Bf6 1/2-1/2

[Event "SRB-ch U18 Girls"]
[Site "Sokobanja"]
[Date "2010.04.08"]
[Round "6"]
[White "Milosavljevic, Milica"]
[Black "Markovic, Tamara"]
[Result "0-1"]
[WhiteElo "1865"]
[BlackElo "1778"]
[PlyCount "124"]
[EventDate "2010.04.05"]
[EventType "swiss"]
[EventRounds "9"]
[EventCountry "YUG"]
[SourceTitle "CBM 135 Extra"]
[Source "ChessBase"]
[SourceDate "2010.05.04"]
[SourceVersion "1"]
[SourceVersionDate "2010.05.04"]
[SourceQuality "1"]

1. c4 e5 2. Nc3 Nf6 3. g3 c6 4. Bg2 d5 5. cxd5 cxd5 6. d3 Bb4 7. Qa4+ Nc6 8. a3 Bc5 9. Qb5 Qd6 10. Na4 Nd7 11. b4 Bd4 12. Rb1 Ne7 13. Nb2 a6 14. Qa4 b5 15. Qb3 Bb7 16. Nf3 Bb6 17. 0-0 h6 18. Nd1 0-0 19. Nc3 Nf6 20. Nd2 Rab8 21. Bb2 Bc8 22. Rfc1 Be6 23. Qd1 Rfc8 24. h3 Qd7 25. Qf1 Nf5 26. e3 Nxe3 27. fxe3 Bxe3+ 28. Kh2 Bxd2 29. Rc2 Bxc3 30. Rxc3 Rxc3 31. Bxc3 d4 32. Bd2 Nd5 33. Rc1 Rc8 34. Qe1 f6 35. Be4 Ne7 36. Bg2 Bd5 37. Bf1 Qe6 38. h4 Rxc1 39. Bxc1 Qg4 40. Qe2 Bf3 41. Qf2 Bd5 42. Qe2 Qxe2+ 43. Bxe2 f5 44. Bb2 Nc6 45. g4 g6 46. h5 Be6 47. Bf3 Nd8 48. hxg6 fxg4 49. Be4 Kg7 50. Kg3 Bd7 51. Kh4 Bc6 52. Bxc6 Nxc6 53. Kxg4 Kxg6 54. Bc1 h5+ 55. Kh4 Ne7 56. Kg3 Nd5 57. Kf3 Kf5 58. Bh6 Nf4 59. Bf8 Nxd3 60. Bg7 Nf4 61. Bf8 d3 62. Ke3 h4 0-1

[Event "Belgrade Spring op"]
[Site "Belgrade"]
[Date "2010.04.01"]
[Round "9"]
[White "Markovic, Tamara"]
[Black "Dragojevic, Marija"]
[Result "0-1"]
[WhiteElo "1778"]
[BlackElo "2004"]
[PlyCount "86"]
[EventDate "2010.03.23"]
[EventType "swiss"]
[EventRounds "9"]
[EventCountry "YUG"]
[SourceTitle "EXT 2019"]
[Source "ChessBase"]
[SourceDate "2018.10.10"]
[SourceVersion "1"]
[SourceVersionDate "2018.10.10"]
[SourceQuality "1"]

1. e4 c5 2. Nf3 g6 3. d4 cxd4 4. Nxd4 Bg7 5. Nc3 Nc6 6. Be3 d6 7. Be2 Nf6 8. 0-0 0-0 9. h3 Bd7 10. Rb1 a6 11. a3 Rc8 12. Qd2 Ne5 13. Bh6 Nc4 14. Bxc4 Rxc4 15. Bxg7 Kxg7 16. b3 Rc5 17. Qe3 Qc7 18. Nde2 b5 19. Qd4 Kg8 20. f4 Bc8 21. Rf3 Bb7 22. Re3 Qc6 23. Rd1 Rc8 24. Nd5 Nxd5 25. exd5 Rxd5 26. Qxd5 Qxd5 27. Rxd5 Bxd5 28. c4 bxc4 29. bxc4 Be6 30. Nd4 Rxc4 31. Nxe6 fxe6 32. g3 Kf7 33. Kf2 Rc5 34. Re4 e5 35. fxe5 Rxe5 36. Rxe5 dxe5 37. Kf3 Ke6 38. Ke4 h5 39. a4 a5 40. g4 hxg4 41. hxg4 g5 42. Ke3 Kd5 43. Kd3 e4+ 0-1

[Event "Belgrade Spring op"]
[Site "Belgrade"]
[Date "2010.03.24"]
[Round "2"]
[White "Jakovljevic, Zivota"]
[Black "Markovic, Tamara"]
[Result "0-1"]
[WhiteElo "2120"]
[BlackElo "1778"]
[PlyCount "108"]
[EventDate "2010.03.23"]
[EventType "swiss"]
[EventRounds "9"]
[EventCountry "YUG"]
[SourceTitle "CBM 135 Extra"]
[Source "ChessBase"]
[SourceDate "2010.05.04"]
[SourceVersion "1"]
[SourceVersionDate "2010.05.04"]
[SourceQuality "1"]

1. d4 Nf6 2. c4 c5 3. d5 b5 4. cxb5 a6 5. bxa6 Bxa6 6. Nc3 d6 7. Nf3 g6 8. g3 Bg7 9. Bg2 0-0 10. 0-0 Nbd7 11. Re1 Qa5 12. e4 Rfb8 13. Qc2 Ng4 14. h3 Nge5 15. Nxe5 Nxe5 16. Rd1 c4 17. Bd2 Nd3 18. Rab1 Nb4 19. Qc1 Nxa2 20. Nxa2 Qxa2 21. Bc3 Qa4 22. Ra1 Qd7 23. Qd2 Bb5 24. Re1 Qc7 25. Kh2 Ra7 26. Bxg7 Rxa1 27. Rxa1 Kxg7 28. Qd4+ Kg8 29. Ra7 Rb7 30. Ra8+ Rb8 31. Rxb8+ Qxb8 32. h4 Qc7 33. Bf3 h5 34. Bg2 Qa5 35. Qc3 Qa7 36. Qd2 Qa2 37. f4 Qb3 38. Qc3 Qd1 39. e5 Qa4 40. Bf3 Qa7 41. Kg2 Qc7 42. Qd4 Ba6 43. Be4 Qd7 44. Bf3 Qc7 45. g4 hxg4 46. Bxg4 Bc8 47. Bxc8 Qxc8 48. Kg3 dxe5 49. fxe5 Qf5 50. d6 exd6 51. exd6 Qf1 52. d7 Qe1+ 53. Kf4 Qxh4+ 54. Ke3 Qg3+ 0-1

[Event "Belgrade Spring op"]
[Site "Belgrade"]
[Date "2010.03.23"]
[Round "1"]
[White "Markovic, Tamara"]
[Black "Carnic, Dejan"]
[Result "1-0"]
[WhiteElo "1778"]
[BlackElo "2117"]
[PlyCount "78"]
[EventDate "2010.03.23"]
[EventType "swiss"]
[EventRounds "9"]
[EventCountry "YUG"]
[SourceTitle "CBM 135 Extra"]
[Source "ChessBase"]
[SourceDate "2010.05.04"]
[SourceVersion "1"]
[SourceVersionDate "2010.05.04"]
[SourceQuality "1"]

1. e4 e5 2. Nf3 Nc6 3. Bb5 Nf6 4. Nc3 Bb4 5. 0-0 0-0 6. d3 d6 7. a3 Bxc3 8. bxc3 Bg4 9. h3 Bh5 10. Re1 h6 11. Qe2 Qe7 12. Qe3 a6 13. Bc4 Kh8 14. Nh4 Bg6 15. Qg3 Bh7 16. a4 g5 17. Nf5 Bxf5 18. exf5 Qd7 19. Qf3 d5 20. Bb3 e4 21. dxe4 dxe4 22. Qe3 Qxf5 23. Ba3 Rfd8 24. Bxf7 Nd5 25. Bxd5 Rxd5 26. Qxe4 Qxe4 27. Rxe4 Rd2 28. Rb1 b5 29. Rb2 bxa4 30. Rxa4 Re8 31. Rxa6 Re1+ 32. Kh2 Ne5 33. Rxh6+ Kg7 34. Ra6 Rxf2 35. Bc5 Rd2 36. Bd4 Kf7 37. Bxe5 Rxe5 38. Rc6 Re7 39. Rc5 Kg6 1-0

[Event "Belgrade-ch (Women)"]
[Site "Belgrade"]
[Date "2010.01.29"]
[Round "7"]
[White "Dizdarevic, Barbara"]
[Black "Markovic, Tamara"]
[Result "1-0"]
[WhiteElo "1920"]
[BlackElo "1765"]
[PlyCount "103"]
[EventDate "2010.01.23"]
[EventType "swiss"]
[EventRounds "9"]
[EventCountry "YUG"]
[SourceTitle "CBM 134 Extra"]
[Source "ChessBase"]
[SourceDate "2010.03.03"]
[SourceVersion "1"]
[SourceVersionDate "2010.03.03"]
[SourceQuality "1"]

1. e4 e5 2. Nf3 Nc6 3. d4 exd4 4. Nxd4 Bc5 5. Be3 Qf6 6. c3 Nge7 7. Qa4 Bb6 8. Nd2 0-0 9. Nxc6 Qxc6 10. Bb5 Qg6 11. Bxb6 Qxb6 12. Qb3 a6 13. Bc4 Qxb3 14. Bxb3 d6 15. 0-0-0 Be6 16. Rhe1 Rad8 17. Nc4 Nc6 18. f4 b5 19. Ne3 Na5 20. Kc2 Nxb3 21. axb3 f5 22. Nd5 Rd7 23. e5 dxe5 24. Rxe5 Bxd5 25. Rdxd5 Rxd5 26. Rxd5 g6 27. Rc5 Rf7 28. Rc6 Re7 29. Kd3 Rd7+ 30. Ke3 Re7+ 31. Kf3 Rd7 32. Rxa6 Rd2 33. b4 Rd7 34. Rc6 Rd2 35. Rc5 c6 36. Rxc6 Rxb2 37. Rc5 Rc2 38. Rxb5 Rxc3+ 39. Kf2 Rc4 40. Kg3 Rc3+ 41. Kf2 Rc4 42. Kg3 Rc3+ 43. Kh4 h6 44. g3 Kf7 45. Rb7+ Kf6 46. Rb6+ Kf7 47. b5 Rb3 48. Rb8 Kf6 49. Rb6+ Kf7 50. Rb8 Kf6 51. b6 Kf7 52. g4 1-0

[Event "Belgrade-ch (Women)"]
[Site "Belgrade"]
[Date "2010.01.27"]
[Round "5"]
[White "Markovic, Tamara"]
[Black "Miladinovic, Lena"]
[Result "1/2-1/2"]
[WhiteElo "1765"]
[BlackElo "2018"]
[PlyCount "75"]
[EventDate "2010.01.23"]
[EventType "swiss"]
[EventRounds "9"]
[EventCountry "YUG"]
[SourceTitle "CBM 134 Extra"]
[Source "ChessBase"]
[SourceDate "2010.03.03"]
[SourceVersion "1"]
[SourceVersionDate "2010.03.03"]
[SourceQuality "1"]

1. e4 c5 2. Nf3 e6 3. c4 Nc6 4. Nc3 b6 5. Be2 Bb7 6. 0-0 Nf6 7. d4 cxd4 8. Nxd4 Qb8 9. Be3 Bd6 10. h3 Nxd4 11. Qxd4 Be5 12. Qd3 Bxc3 13. Qxc3 Bxe4 14. Bd4 Qf4 15. Be3 Qf5 16. f3 Bc6 17. g4 Qa5 18. b4 Qa4 19. Bd1 Qa6 20. b5 Bxb5 21. cxb5 Qxb5 22. a4 Qa6 23. Bg5 Rc8 24. Qb2 h5 25. h4 hxg4 26. fxg4 Qd3 27. Ra3 Qd6 28. Bxf6 gxf6 29. Qxf6 Rf8 30. Raf3 Rc1 31. Rc3 Rxc3 32. Qxc3 f6 33. Bc2 Rg8 34. g5 fxg5 35. Qc8+ Ke7 36. Qxg8 Qg3+ 37. Kh1 Qh3+ 38. Kg1 1/2-1/2

[Event "Belgrade-ch (Women)"]
[Site "Belgrade"]
[Date "2010.01.23"]
[Round "1"]
[White "Markovic, Tamara"]
[Black "Mladenovic, Jelena"]
[Result "1/2-1/2"]
[WhiteElo "1765"]
[BlackElo "2130"]
[PlyCount "86"]
[EventDate "2010.01.23"]
[EventType "swiss"]
[EventRounds "9"]
[EventCountry "YUG"]
[SourceTitle "CBM 134 Extra"]
[Source "ChessBase"]
[SourceDate "2010.03.03"]
[SourceVersion "1"]
[SourceVersionDate "2010.03.03"]
[SourceQuality "1"]

1. e4 c5 2. Nf3 Nc6 3. d4 cxd4 4. Nxd4 g6 5. Nc3 Bg7 6. Be3 Nf6 7. Be2 d5 8. exd5 Nxd5 9. Nxd5 Qxd5 10. Bf3 Qa5+ 11. c3 Nxd4 12. Bxd4 0-0 13. Bxg7 Kxg7 14. Qd4+ e5 15. Qd5 Qc7 16. 0-0 Rd8 17. Qb3 Be6 18. Qc2 Rd7 19. Rfd1 Rad8 20. Rxd7 Rxd7 21. b3 Bf5 22. Qb2 Qd8 23. c4 f6 24. Bd5 Be4 25. Rd1 Bxd5 26. Rxd5 Rxd5 27. cxd5 Qxd5 28. h3 Qd1+ 29. Kh2 Qd4 30. Qc2 f5 31. Qc7+ Kh6 32. f3 b5 33. Qe7 Qf4+ 34. Kh1 e4 35. Qf8+ Kh5 36. fxe4 Qxe4 37. Qg7 h6 38. Qxa7 Qe1+ 39. Kh2 Qe5+ 40. Kg1 f4 41. Qd7 Qe1+ 42. Kh2 Qg3+ 43. Kg1 Qe1+ 1/2-1/2

[Event "Belgrade op"]
[Site "Belgrade"]
[Date "2009.12.01"]
[Round "8"]
[White "Danojlic, Petar"]
[Black "Markovic, Tamara"]
[Result "0-1"]
[WhiteElo "1895"]
[BlackElo "1668"]
[PlyCount "110"]
[EventDate "2009.11.24"]
[EventType "swiss"]
[EventRounds "9"]
[EventCountry "YUG"]
[SourceTitle "CBM 133 Extra"]
[Source "ChessBase"]
[SourceDate "2010.01.05"]
[SourceVersion "1"]
[SourceVersionDate "2010.01.05"]
[SourceQuality "1"]

1. e4 e5 2. Nf3 Nc6 3. Bc4 Bc5 4. c3 Nf6 5. d4 exd4 6. cxd4 Bb4+ 7. Nc3 Nxe4 8. 0-0 Bxc3 9. bxc3 d5 10. Bb3 0-0 11. Qc2 h6 12. Qb2 Bg4 13. Ne1 Nf6 14. f3 Bf5 15. g4 Bh7 16. Bc2 Bxc2 17. Nxc2 Rb8 18. Ne3 Nh7 19. Nf5 Ne7 20. Nxe7+ Qxe7 21. Qb3 Qd7 22. Ba3 Rfe8 23. Rae1 b6 24. Re5 Rxe5 25. dxe5 Re8 26. Bb2 Rxe5 27. c4 dxc4 28. Qxc4 Rc5 29. Qe4 Ng5 30. Qe2 Qc6 31. Bd4 Rc2 32. Qd3 Rxa2 33. h4 Ne6 34. Be3 Qc2 35. Qxc2 Rxc2 36. Re1 Kf8 37. f4 a5 38. f5 Nc5 39. g5 hxg5 40. hxg5 Rc4 41. Kg2 a4 42. f6 Ne6 43. Rh1 gxf6 44. gxf6 Ke8 45. Rh8+ Kd7 46. Rh7 Nd8 47. Rh8 a3 48. Rh1 a2 49. Ra1 Ra4 50. Bc1 Nc6 51. Bb2 Na5 52. Rd1+ Kc8 53. Re1 Nb3 54. Ba1 Nxa1 55. Rxa1 b5 0-1

[Event "SRB-chT (Women)"]
[Site "Pozarevac"]
[Date "2009.09.17"]
[Round "4"]
[White "Markovic, Tamara"]
[Black "Stojanovic, Maria Z"]
[Result "1-0"]
[WhiteElo "1668"]
[BlackElo "1885"]
[PlyCount "65"]
[EventDate "2009.09.14"]
[EventType "tourn"]
[EventRounds "9"]
[EventCountry "YUG"]
[SourceTitle "CBM 132 Extra"]
[Source "ChessBase"]
[SourceDate "2009.11.03"]
[SourceVersion "1"]
[SourceVersionDate "2009.11.03"]
[SourceQuality "1"]

1. e4 c5 2. Nf3 e6 3. d4 cxd4 4. Nxd4 a6 5. c4 Qc7 6. Nc3 Nc6 7. Be3 Bb4 8. Qc2 Nf6 9. f3 d5 10. Nxc6 Qxc6 11. exd5 exd5 12. a3 Ba5 13. b4 Bc7 14. c5 0-0 15. Bd4 Re8+ 16. Be2 Be5 17. 0-0-0 Bxd4 18. Rxd4 a5 19. Bb5 Qe6 20. Bxe8 Qxe8 21. Kb2 axb4 22. axb4 Qe3 23. Qd2 Qe6 24. Nxd5 Nxd5 25. Rxd5 h6 26. Ra1 Qf6+ 27. Qd4 Rxa1 28. Qxf6 gxf6 29. Kxa1 Be6 30. Rd6 Kg7 31. b5 Bf5 32. c6 bxc6 33. bxc6 1-0

[Event "Belgrade Spring op"]
[Site "Belgrade"]
[Date "2009.03.31"]
[Round "9"]
[White "Markovic, Tamara"]
[Black "Petrovic, Milan M"]
[Result "1/2-1/2"]
[WhiteElo "1571"]
[BlackElo "1981"]
[PlyCount "153"]
[EventDate "2009.03.21"]
[EventType "swiss"]
[EventRounds "9"]
[EventCountry "YUG"]
[SourceTitle "CBM 129 Extra"]
[Source "ChessBase"]
[SourceDate "2009.05.05"]
[SourceVersion "2"]
[SourceVersionDate "2009.05.20"]
[SourceQuality "1"]

1. e4 c5 2. Nf3 Nc6 3. d4 cxd4 4. Nxd4 Nf6 5. Nc3 e6 6. a3 Qc7 7. Be2 a6 8. Nb3 b5 9. 0-0 Bb7 10. Be3 Rd8 11. Nc5 Bc8 12. Kh1 d6 13. Nd3 Bb7 14. f4 d5 15. exd5 exd5 16. Bc5 d4 17. Nb1 Nd5 18. Bf3 Ne3 19. Qe2 Bxc5 20. Nxc5 0-0 21. Re1 Bc8 22. Nd3 Rfe8 23. Qf2 Bd7 24. c3 Nf5 25. Rxe8+ Rxe8 26. cxd4 Ncxd4 27. Nc3 Nxf3 28. Qxf3 Bc6 29. Qf2 f6 30. Nb4 Bb7 31. Rd1 Qf7 32. Qb6 Nh4 33. Nbd5 Qh5 34. Qf2 Qg4 35. Rg1 h6 36. h3 Qh5 37. Kh2 Bxd5 38. Nxd5 Re2 39. Qc5 Qe8 40. Qc3 Qe4 41. Qg3 Nf3+ 42. Kh1 Qxd5 43. gxf3 Qd7 44. Rg2 Rxg2 45. Qxg2 Kf7 46. Kh2 Qf5 47. Qd2 h5 48. Qd4 h4 49. Qd2 Ke6 50. Qe1+ Kf7 51. Qxh4 Qc2+ 52. Kg3 Qxb2 53. Qh5+ Kf8 54. Qh8+ Kf7 55. Qh5+ Ke6 56. Qe8+ Kd6 57. Qf8+ Ke6 58. Qxg7 Qxa3 59. Qg8+ Kd7 60. Qf7+ Qe7 61. Qd5+ Qd6 62. Qf7+ Qe7 63. Qd5+ Qd6 64. Qf7+ Kd8 65. Qg8+ Ke7 66. Qg7+ Ke8 67. Qg8+ Kd7 68. Qf7+ Kc6 69. Qe8+ Kc5 70. Qe3+ Qd4 71. Qe7+ Qd6 72. Qe3+ Kb4 73. Qe1+ Ka4 74. Qa1+ Kb3 75. Qb1+ Kc4 76. Qc2+ Kb4 77. Qb2+ 1/2-1/2